Statistiques concernant Superflame Universe - Egadia

Cliquez ici pour prendre le quiz!

Statistiques générales

  • Ce quiz a été pris 5 fois
    (2 depuis la dernière actualisation)
  • Le résultat moyen est 14 sur 22

Statistiques - réponses

IndicePersonnage% Correct
République fédérale insulaireAtarion
100%
Gouverneure de cette citéCamille d'Ycennac
100%
LettréCarmin
100%
Samourai ressucitéDanzö Sokai
100%
Archi-LettréFirmin
100%
Ile isoléeIle aux âmes
100%
EnquêtriceLindsay Lockard
100%
EmpereurRichard de Rockwell
100%
Général de l'EmpireRotarmin
100%
Colonel taurinTalbor Ferral
100%
Cité-état entourée de montagnesYcennac
100%
Député collaborationnisteCullistre
50%
Général du SilenceLewis Farewell
50%
Docker d'EntrefleuveLuron
50%
Espion du Silence #1Rat de
Monoeil/Paul
50%
Capitaine de l'EmpireRelway
50%
Héritier taurinTerenbor
50%
MercenaireAlbédius Horn
0%
Amirale de l'archipelConrad
0%
Mafieux bien en chair de Port NobleDon Kepler
0%
Animal des plaines d'EgadiaGruzon
0%
Espion du silence #2Gruzon Bleu
0%

Distribution des résultats

Percentile par nombre de réponses

% des personnes avec chaque résultat

Votre développement - résultats

Vous n’avez pas pris ce quiz depuis la dernière actualisation